All Big Brother Franchise Favorite Players - Statistics

General Stats
  • This quiz has been taken 38 times
    6 since last reset
  • The average score is 22 of 23
Answer Stats
Season Favorite Player % Correct
๐Ÿ‡บ๐Ÿ‡ธ 12 Britney Haynes
100%
๐Ÿ‡บ๐Ÿ‡ธ 25 Cameron Hardin
100%
๐Ÿ‡บ๐Ÿ‡ธ 19 Cody Nickson
100%
๐Ÿ‡บ๐Ÿ‡ธ 22 Da'Vonne Rogers
100%
๐Ÿ‡บ๐Ÿ‡ธ 16 Donny Thompson
100%
๐Ÿ‡บ๐Ÿ‡ธ 15 Elissa Slater
100%
๐Ÿ‡บ๐Ÿ‡ธ 14 Frank Eudy
100%
๐Ÿ‡บ๐Ÿ‡ธ 17 James Huling
100%
๐Ÿ‡บ๐Ÿ‡ธ 09 James Zinkand
100%
๐Ÿ‡บ๐Ÿ‡ธ 07 Janelle Pierzina
100%
๐Ÿ‡บ๐Ÿ‡ธ 11 Jeff Schroeder
100%
๐Ÿ‡บ๐Ÿ‡ธ 13 Jeff Schroeder
100%
๐Ÿ‡บ๐Ÿ‡ธ 10 Keesha Smith
100%
๐Ÿ‡บ๐Ÿ‡ธ 21 Nicole Anthony
100%
๐Ÿ‡บ๐Ÿ‡ธ 24 Taylor Hale
100%
๐Ÿ‡บ๐Ÿ‡ธ 23 Tiffany Mitchell
100%
๐Ÿ‡บ๐Ÿ‡ธ 26 Tucker Des Lauriers
100%
๐Ÿ‡บ๐Ÿ‡ธ 20 Tyler Crispen
100%
๐Ÿ‡บ๐Ÿ‡ธ 18 Victor Arroyo
100%
๐Ÿ‡จ๐Ÿ‡ฆ 09 Kiefer Collison
75%
๐Ÿ‡จ๐Ÿ‡ฆ 10 Marty Frenette
75%
๐Ÿ‡จ๐Ÿ‡ฆ 12 Todd Clements
75%
๐Ÿ‡จ๐Ÿ‡ฆ 11 Jonathan Leonard
25%
No matching quizzes found
Score Distribution
Percent of People with Each Score
Percentile by Number Answered
Your Score History
You have not taken this quiz since the last reset